The Undertaker's WrestleMania opponents Quiz Stats

 Plays Quiz not verified by Sporcle

Score 0/26 Timer 05:00
0 Plays Today
Wrestlemania Opponent % Correct
23rd opponent (WM 30)Brock lesnar
98.4%
9th opponent (WM 17)Triple h
96.8%
20th opponent (WM 27)Triple h
96.8%
21st opponent (WM 28)Triple h
96.8%
18th opponent (WM 25)Shawn Michaels
93.7%
19th opponent (WM 26)Shawn Michaels
93.7%
7th opponent (WM 14)Kane
92.1%
13th opponent (WM 20)Kane
92.1%
25th opponent (WM 33)Roman Reigns
92.1%
16th opponent (WM 23)Batista
88.9%
14th opponent (WM 21)Randy orton
87.3%
22nd opponent (WM 29)Cm punk
87.3%
17th opponent (WM 24)Edge
85.7%
Wrestlemania Opponent % Correct
24th opponent (WM 31)Bray Wyatt
84.1%
25th opponent (WM 32)Shane Mchmahon
79.4%
10th opponent (WM 18)Ric flair
77.8%
11th opponent (WM 19) (Tag team match) 1 -Big show
77.8%
3rd opponent (WM 9) -Giant González
76.2%
15th opponent (WM 22)Mark Henry
76.2%
1st opponent (WM 7) -Jimmy Snuka
73%
12th opponent (WM 19) (Tag team match) 2 -A - Train
71.4%
2nd opponent (WM 8) -Jake 'the snake' Roberts
69.8%
6th opponent (WM 13)Sycho Sid
66.7%
8th opponent (WM 15)Big Bossman
66.7%
4th opponent (WM 11)King Kong Bundy
63.5%
5th opponent (WM 12)Diesel
63.5%

You're not logged in!

Compare scores with friends on all Sporcle quizzes.
OR
Log In

You Might Also Like...

Show Comments

Extras

Top Quizzes Today


Score Distribution

Your Account Isn't Verified!

In order to create a playlist on Sporcle, you need to verify the email address you used during registration. Go to your Sporcle Settings to finish the process.

Report this User

Report this user for behavior that violates our Community Guidelines.

Details: